00706nam a2200169 a 450000100100000000500170001000800410002704000250006808200150009310000270010824500750013526000500021030000270026095201130028795201190040099900170051900004334320201002040829.0140310s1985 dr a 000 0 spa d aDO-SdBNPbspacBNPHU axxxxbxxxx1 aMalir, Federico97098010aComo ser mil veces mas feliz en la vida matrimonial /cFederico Malir. aSanto Domingo :bEducativa Dominicana,c1985. a72 p. :bil. ;c21 cm. 0010718PDaPDbPDcCTd2014-03-10iLF1l0oxxxx xxxxp43343-10r2020-06-25w2020-06-25yLFPDZNo se presta 0010718PDaPDbPDcCTd2014-05-07iLF1l0oxxxx xxxxp43343-20r2020-06-25te. 2w2020-06-25yLFPDZNo se presta c42832d42832